• 首页
  • 本馆介绍
  • 公告通知
  • 最新文献
  • 馆藏检索
  • 电子资源
  • 读者导购
  • 参考咨询
  • 我的图书馆
  • 登录
  • 详细信息显示
  • 放入我的书架
  • 预约/预借图书
  • 作者相关作品
  • 分类相关作品
  • 丛书相关作品
  • 出版社相关作品

书目信息

  • 表格格式
  • 工作单格式
  • 卡片格式
题名:
繁星·春水
    
 
作者: 冰心 著
分册:  
出版信息: 济南   济南出版社  2017
页数: 146页
开本: 23cm
丛书名:
单 册:
中图分类: I226.1
科图分类:
主题词: 新诗--诗集--中国--现代
电子资源:
ISBN: 978-7-5488-2570-8
000 00565nam0 2200205 450
001 2003
005 20180522155819.19
010    @a978-7-5488-2570-8@dCNY29.80
100    @a20171222d2017 em y0chiy50 ea
101 0  @achi
102    @aCN@b370000
105    @aa z 000gy
200 1  @a繁星·春水@9fan xing · chun shui@f冰心著
210    @a济南@c济南出版社@d2017
215    @a146页@c彩图@d23cm
606 0  @a新诗@x诗集@y中国@z现代
690    @aI226.1@v5
701  0 @a冰心@9bing xin@f(1900-1999)@4著
801  0 @aCN@b91MARC@c20171222
905    @aMuseLib@dI226.1@e103
    
    繁星·春水/冰心著.-济南:济南出版社,2017
    146页:彩图;23cm
    
    
    ISBN 978-7-5488-2570-8:CNY29.80
    
●
相关链接 在E读中查询图书 在五车中查询图书 在当当中查询图书 在豆瓣中查询图书


正题名:繁星·春水     索取号:I226.1/103         预约/预借

序号 登录号 条形码 馆藏地/架位号 状态 备注
1 1107565   211075655   第一样本阅览室/ [索取号:I226.1/103] 在馆    
2 1107566   211075664   教育系资料室/ [索取号:I226.1/103] 在馆    
3 1107567   211075673   教育系资料室/ [索取号:I226.1/103] 在馆    
4 1107568   211075682   第二借阅区/ [索取号:I226.1/103] 在馆    
唐山师范学院图书馆 欢迎您!
大连网信软件有限公司© 版权所有